000 00816nam a2200181Ia 4500
008 100921s9999 xx 000 0 und d
082 _b43959
_a891.461 न 09
100 _aआवटी सुचिता प्रभाकर,संग्राहक.
245 _aअरूण दाते यांची गाजलेली गाणी.
260 _bश्रद्धा प्रकाशन, मुंबई.
_c2009
300 _a54
_bअक्षरधारा प्रदर्शन.
365 _b20
520 _aललित-काव्य.
630 _aअरूण दाते यांची गाजलेली गाणी.
650 _aललित-काव्य.
730 _aअरूण दाते यांची गाजलेली गाणी.
942 _cBOOK
999 _c793072
_d793069